[Event "MCR mladeze, Kouty 2018 - H16"]
[Site "Kouty nad Desnou"]
[Date "2018.03.10"]
[Round "1"]
[White "Mladek, Richard"]
[Black "Zvolensky, David"]
[Result "0-1"]
[WhiteElo "2134"]
[BlackElo "1928"]
[EventDate "2018.03.10"]

1. e4  e5  2. Nf3  Nc6
3. Bc4  Nf6  4. d3
Bc5  5. c3  d6
6. O-O  h6  7. Nbd2  O-O
8. h3  a6  9. Bb3
Re8  10. Re1  Be6
11. Bc2  Bb6  12. Nf1
d5  13. exd5  Bxd5
14. Ng3  Qd7  15. Be3
Bxe3  16. Rxe3  Re7
17. Qe2  Rae8  18. a4
g6  19. Re1  Kg7
20. Nd2  Nh7  21. Nge4
b6  22. Rg3  f5
23. Qh5  Nf8  24. Nf6  Kxf6
25. Qxh6  Rh7  26. Qg5+
Kf7  27. Nf3  Rh5
28. Qd2  f4  29. Rg4
Bxf3  30. gxf3  Rxh3
31. Kg2  Rh5  32. d4
g5  33. d5  Na5
34. Qd3  Nb7  35. Qxa6  Nd6
36. Qe2  e4  37. fxe4
Ng6  38. e5  Rxe5
39. Bxg6+  Kxg6  40. Qd3+
Kf6  0-1

[Event "MCR mladeze, Kouty 2018 - H16"]
[Site "Kouty nad Desnou"]
[Date "2018.03.10"]
[Round "1"]
[White "Nemec, David"]
[Black "Ludvik, Tomas"]
[Result "1/2-1/2"]
[WhiteElo "1902"]
[BlackElo "2115"]
[EventDate "2018.03.10"]

1. e4  e6  2. d4  d5
3. exd5  exd5  4. Bd3
Nc6  5. c3  Bd6
6. Ne2  Nge7  7. Bf4  Bg4
8. f3  Bf5  9. O-O
Qd7  10. Qc2  Bxd3
11. Qxd3  f6  12. Bxd6
Qxd6  13. b4  O-O
14. f4  f5  1/2-1/2

[Event "MCR mladeze, Kouty 2018 - H16"]
[Site "Kouty nad Desnou"]
[Date "2018.03.10"]
[Round "1"]
[White "Nehyba, Martin"]
[Black "Szotkowski, David"]
[Result "0-1"]
[WhiteElo "2112"]
[BlackElo "1898"]
[EventDate "2018.03.10"]

1. e4  c5  2. c3  e6
3. Nf3  d5  4. exd5
exd5  5. d4  Nf6
6. Bg5  Be6  7. Nbd2
h6  8. Bh4  Nc6
9. Qb3  Rb8  10. Bg3  Bd6
11. Qa4  O-O  12. Bb5
a6  13. Bxc6  bxc6
14. Qxc6  Bxg3  15. hxg3
cxd4  16. cxd4  Rxb2
17. Qxa6  Bc8  18. Qa3
Re8+  19. Ne5  Qb6
20. O-O-O  Rb5  21. Nb3
Bf5  22. g4  Rc8+
23. Kb2  Nxg4  24. Nxg4
Bxg4  25. Rd2  Qc6
26. Ka1  Qc3+  27. Qb2
Rxb3  0-1

[Event "MCR mladeze, Kouty 2018 - H16"]
[Site "Kouty nad Desnou"]
[Date "2018.03.10"]
[Round "1"]
[White "Smid, Pavel"]
[Black "Skalsky, Alexandr"]
[Result "0-1"]
[WhiteElo "1870"]
[BlackElo "2109"]
[EventDate "2018.03.10"]

1. e4  c5  2. Nf3  g6
3. d4  cxd4  4. Qxd4
Nf6  5. e5  Nc6
6. Qa4  Nd5  7. c4  Nb6
8. Qb3  d5  9. exd6
Qxd6  10. Be3  Qb4+
11. Nc3  Bg7  12. O-O-O
Be6  13. Nb5  O-O
14. Qxb4  Nxb4  15. Bc5
Bh6+  16. Nd2  Na6
17. Bxe7  Rfe8  18. Bf6
Bxc4  19. Kb1  Bxd2
20. Nd6  Bxf1  21. Nxe8
Bxg2  22. Rhg1  Be4+
23. Ka1  Rxe8  24. Rxd2
Bf5  25. Rgd1  Nd7
26. Bc3  Nac5  27. Bb4
b6  28. b3  h5
29. Ba3  a5  30. Rd6  Re6
31. Bc1  Rxd6  32. Rxd6
Ne4  33. Rc6  Nxf2
34. Bb2  Kh7  35. Rc8
f6  36. Rc7  Kg8
37. Rc6  Ne4  38. Bd4
Nec5  39. Bxf6  Nxf6
40. Rxf6  Nd7  41. Rd6
h4  42. Kb2  Kf7
43. Kc3  g5  44. Kd4
Be6  45. Ke3  Nf6
46. Rd2  Nd5+  47. Ke4
Kf6  48. Rf2+  Nf4
49. Rd2  Bd5+  50. Ke3
Ke5  51. Rf2  Ng2+
52. Ke2  g4  53. Rf8
g3  54. hxg3  hxg3
55. Kf1  Nf4  56. Re8+
0-1

[Event "MCR mladeze, Kouty 2018 - H16"]
[Site "Kouty nad Desnou"]
[Date "2018.03.10"]
[Round "1"]
[White "Bulockin, Martin"]
[Black "Travnicek, Krystof Mikulas"]
[Result "1-0"]
[WhiteElo "2099"]
[BlackElo "1859"]
[EventDate "2018.03.10"]

1. e4  e6  2. d4  d5
3. Nd2  Be7  4. Bd3
c5  5. exd5  exd5
6. dxc5  Nf6  7. Nb3
Nbd7  8. Be3  Qc7
9. Nf3  O-O  10. O-O
Nxc5  11. Nxc5  Bxc5
12. Bxc5  Qxc5  13. h3
Ne4  14. c3  Bd7
15. Nd4  Rad8  16. Qc2
Rfe8  17. Rfe1  Bc6
18. Rad1  Nf6  19. Qc1
Rxe1+  20. Rxe1  Re8
21. Rxe8+  Nxe8  22. Qg5
Qd6  23. Qf5  g6
24. Qc8  Qd7  25. Qa8
a6  26. Bxa6  bxa6
27. Qxc6  Qxc6  28. Nxc6
Nc7  29. Kf1  Kf8
30. Ke2  Ke8  31. Kd3
Kd7  32. Nd4  Kd6
33. b4  Ne8  34. c4
dxc4+  35. Kxc4  Nf6
36. a4  Nh5  37. Ne2
Nf6  38. b5  axb5+
39. Kxb5  Kd5 1-0

[Event "MCR mladeze, Kouty 2018 - H16"]
[Site "Kouty nad Desnou"]
[Date "2018.03.10"]
[Round "1"]
[White "Vraj, Ondrej"]
[Black "Riha, Vojtech"]
[Result "0-1"]
[WhiteElo "1855"]
[BlackElo "2097"]
[EventDate "2018.03.10"]

1. e4  c5  2. Nf3  Nc6
3. d4  cxd4  4. Nxd4
Nf6  5. Nc3  e5
6. Ndb5  d6  7. Bg5  a6
8. Na3  b5  9. Bxf6
gxf6  10. Nd5  f5
11. Bd3  Be6  12. c3
Bxd5  13. exd5  Ne7
14. Nxb5  Bg7  15. Na3
O-O  16. O-O  e4
17. Bc2  Ng6  18. Nc4
Rc8  19. Ne3  Qg5
20. Re1  Rfe8  21. Nf1
h5  22. Qd2  f4
23. g3  e3  24. fxe3  fxg3
25. hxg3  Bh6  26. Bxg6
Qxg6  27. Qf2  Re5
28. Rad1  Rce8  29. Rd4
f5  30. Kh1  Kg7
31. b4  Bg5  32. Rc4
Qf7  33. a4  Qxd5+
0-1

[Event "MCR mladeze, Kouty 2018 - H16"]
[Site "Kouty nad Desnou"]
[Date "2018.03.10"]
[Round "1"]
[White "Vorisek, Jakub"]
[Black "Demko, Robert"]
[Result "1-0"]
[WhiteElo "2083"]
[BlackElo "1853"]
[EventDate "2018.03.10"]

1. e4  c5  2. Nf3  d6
3. d4  cxd4  4. Nxd4
Nf6  5. Nc3  a6
6. Bg5  Nbd7  7. Qe2  h6
8. Bh4  g6  9. O-O-O
e5  10. Nb3  Be7
11. f3  b5  12. a3
Bb7  13. Bf2  Rc8
14. g4  Nb6  15. Qe3
Nc4  16. Bxc4  Rxc4
17. Qa7  Qa8  18. Na5
Rc7  19. Qxa8+  Bxa8
20. Rd3  O-O  21. Rhd1
Rb8  22. Na2  Rcc8
23. Ba7  Rb7  24. Nxb7
Bxb7  25. Rc3  Re8
26. Rc7  Ba8  27. Be3
d5  28. Bxh6  dxe4
29. Bg5  Nd5  30. Rxe7
Nxe7  31. Bxe7  exf3
32. Bc5  f5  33. gxf5
gxf5  34. Nb4  e4
35. Be3  a5  36. Na6
f4  37. Bxf4  e3
38. Nc7  e2  39. Rg1+
Kf7  40. Bg3  Rf8
41. Nxa8  Rxa8  42. Kd2
Rd8+  43. Ke3  Rd1
44. Re1  b4  45. axb4
axb4  46. Kxf3  1-0

[Event "MCR mladeze, Kouty 2018 - H16"]
[Site "Kouty nad Desnou"]
[Date "2018.03.10"]
[Round "1"]
[White "Kopec, Ladislav"]
[Black "Dolansky, Lukas"]
[Result "0-1"]
[WhiteElo "1780"]
[BlackElo "2074"]
[EventDate "2018.03.10"]

1. e4  e5  2. Nf3  Nc6
3. Bb5  Bc5  4. O-O
Nd4  5. Nxd4  Bxd4
6. c3  Bb6  7. d4
c6  8. Bc4  exd4
9. cxd4  d5  10. exd5
cxd5  11. Bb3  h6
12. Re1+  Ne7  13. Nc3
O-O  14. Bf4  Be6
15. Rc1  Rc8  16. Bc2
Qd7  17. Qd3  Ng6
18. Re3  Rfe8  19. Be5
Nxe5  20. Rxe5  Bc7
21. Ree1  g6  22. Ba4
Qd6  23. Re5  Bf5
24. Nb5  Qxe5  25. dxe5
Bxd3  26. Nxc7  Rxe5
27. h3  Re7  28. Rc3
Rcxc7  29. Rxd3  Re1+
30. Kh2  Re2  31. Kg3
Rxb2  32. Bb3  Rd7
33. Bxd5  Rxa2  0-1

[Event "MCR mladeze, Kouty 2018 - H16"]
[Site "Kouty nad Desnou"]
[Date "2018.03.10"]
[Round "1"]
[White "Gloser, David"]
[Black "Broz, Petr"]
[Result "1-0"]
[WhiteElo "2067"]
[BlackElo "1746"]
[EventDate "2018.03.10"]

1. e4  e6  2. d4  d5
3. e5  c5  4. c3
Nc6  5. Nf3  Bd7
6. a3  c4 7. g3  Na5
8. Nbd2  Bc6  9. Bg2
Qd7  10. O-O  Ba4
11. Qe2  Ne7  12. Ne1
Nf5  13. Rb1  h5
14. h4  Be7  15. Bh3
g6  16. Ndf3  O-O-O
17. Bg5  Kb8  18. Ng2
Nb3  19. Nf4  Rc8
20. Bxf5  gxf5  21. Bxe7
Qxe7  22. Ng5  Rcg8
23. Nxh5  Nd2  24. Qxd2
Rxh5  25. Kg2  Rg7
26. Rh1  Qd8  27. Rh2
Qb6  28. Rbh1  Qb3
29. f3  Qc2  30. Qxc2
Bxc2  31. g4  fxg4
32. fxg4  Rhxg5  33. hxg5
Be4+  34. Kg3  Bxh1
35. Rxh1  Kc7  36. Kf4
Kc6  37. Rh6  Kd7
38. g6  fxg6  39. Kg5
Rf7  40. Rh2  Rf8
41. Rh7+  Kc6  42. Kxg6
Rf2  43. g5  Rxb2
44. Kf6  Rc2  45. g6
Rxc3  46. g7  Rg3
47. Rh8  1-0

[Event "MCR mladeze, Kouty 2018 - H16"]
[Site "Kouty nad Desnou"]
[Date "2018.03.10"]
[Round "1"]
[White "Khadash, Kamil"]
[Black "Svanda, Ondrej"]
[Result "0-1"]
[WhiteElo "1685"]
[BlackElo "2057"]
[EventDate "2018.03.10"]

1. d4  Nf6  2. c4  c5
3. Nf3  cxd4  4. Nxd4
e5  5. Nc2  b6
6. Nc3  Bb7  7. Bg5  Be7
8. Qd3  e4  9. Qd2 O-O
10. e3  d5  11. O-O-O
dxc4  12. Qe2  Nbd7
13. Qxc4  Rc8  14. Qe2
Qc7  15. Bf4  Qc5
16. g4  Ne5  17. Bxe5
Qxe5 18. h4  Rxc3  19. bxc3
Qxc3  20. Qc4  Ba3+ 0-1

[Event "MCR mladeze, Kouty 2018 - H16"]
[Site "Kouty nad Desnou"]
[Date "2018.03.11"]
[Round "2"]
[White "Dolansky, Lukas"]
[Black "Sprenar, Petr"]
[Result "0-1"]
[WhiteElo "2074"]
[BlackElo "2191"]
[EventDate "2018.03.10"]

1. c4  e6  2. g3  d5
3. cxd5  exd5  4. d4
Nf6  5. Bg2  Be7
6. Nh3  O-O  7. O-O
Re8  8. Nc3  c6
9. Qc2  g6  10. Bg5  Bf5
11. Qd2  Qd7  12. Nf4
Ne4  13. Nxe4  Bxe4
14. Bxe7  Bxg2  15. Kxg2
Qxe7  16. Rfe1  Nd7
17. Rac1  Nf6  18. f3
Qe3  19. Qxe3  Rxe3
20. Nd3  Re7  21. Kf2
Ne8  22. Nc5  Nd6
23. Rc3  Rae8  24. e3
Nf5  25. Rd3  h5
26. Nb3  g5  27. h3
Nd6  28. g4  f5
29. gxf5  Kg7  30. Nd2  Nxf5
31. e4  Nh4  32. Rg1
Kh6  33. b4  Rf7
34. Ke2  Ng6  35. Kd1
Nf4  36. Ra3  Nxh3
37. Rf1  dxe4  38. fxe4
Rxf1+  39. Nxf1  Nf2+
40. Kc2  Nxe4  41. Rxa7
Nd6  42. Kd3  g4
43. Ra5  Rf8  44. Ne3
g3  45. Re5  Rf6
46. a4  Kg6  47. Ke2
Nf5  48. Nxf5  Rxf5
49. Re8  Kg5  50. a5
h4  51. Rh8  Kg4
52. Rg8+  Kh3  53. d5
Rxd5  0-1

[Event "MCR mladeze, Kouty 2018 - H16"]
[Site "Kouty nad Desnou"]
[Date "2018.03.11"]
[Round "2"]
[White "Stinka, Jakub"]
[Black "Vorisek, Jakub"]
[Result "0-1"]
[WhiteElo "2137"]
[BlackElo "2083"]
[EventDate "2018.03.10"]

1. e4 c5 2. Nf3 Nc6 3. d4 cxd4 4. Nxd4 g6 5. Nc3 Bg7 6. Be3 Nf6 7. Be2 O-O 8. Nb3
d6 9. f4 Be6 10. g4 Rc8 11. g5 Nd7 12. h4 Nb4 13. Nd4 Qa5 14. Nxe6 fxe6 15. O-O
Bxc3 16. bxc3 Rxc3 17. Bd2 Nxc2 18. Bxc3 Qxc3 19. Rc1 Qg3+ 20. Kh1 Ne3 0-1

[Event "MCR mladeze, Kouty 2018 - H16"]
[Site "Kouty nad Desnou"]
[Date "2018.03.11"]
[Round "2"]
[White "Skalsky, Alexandr"]
[Black "Gloser, David"]
[Result "1-0"]
[WhiteElo "2109"]
[BlackElo "2067"]
[EventDate "2018.03.10"]

1. e4  g6  2. d4  c6
3. Nc3  d5  4. e5
Bg7  5. f4  h5
6. Be3  Nh6  7. Qd2  Bf5
8. Nf3  Nd7  9. h3
b5  10. Be2  Nb6
11. b3  a6  12. Nd1
Nd7  13. Nf2  Rc8
14. a4  f6  15. Nh4
c5  16. axb5  cxd4
17. Nxf5  Nxf5  18. Bxd4
fxe5  19. Bxe5  Nxe5
20. fxe5  Bxe5  21. O-O
Bxa1  22. Rxa1  axb5
23. Qg5  Qd6  24. Bxb5+
Kf7  25. Ra6  Qe5
26. Qxg6+  Kf8  27. Nd3
Qe3+  28. Kh2  Ng7
29. Bd7  Rd8  30. Be6
Nxe6  31. Rxe6  Qa7
32. Ne5  Qf2  33. Qg5
Rh7  34. Ng6+ 1-0

[Event "MCR mladeze, Kouty 2018 - H16"]
[Site "Kouty nad Desnou"]
[Date "2018.03.11"]
[Round "2"]
[White "Svanda, Ondrej"]
[Black "Bulockin, Martin"]
[Result "1-0"]
[WhiteElo "2057"]
[BlackElo "2099"]
[EventDate "2018.03.10"]

1. e4  c5  2. Nf3  Nc6
3. Nc3  a6  4. d4
cxd4  5. Nxd4  Qb6
6. Nb3  e6  7. Be2
Nf6  8. Be3  Qc7
9. O-O  b5  10. a3
d6  11. f4  Be7
12. Bf3  Bb7  13. Kh1  O-O
14. Qd2  Rfd8  15. Qf2
Nd7  16. Rad1  Rac8
17. Rd2 Na5 18. Nxa5  Qxa5  19.
e5  d5  20. f5  Bc5
21. fxe6  fxe6  22. Bg4
Rf8  23. Bxe6+  Kh8
24. Bxc5  Rxf2  25. Rdxf2
g6  26. Bxd7  Rxc5
27. b4  Qxa3  28. bxc5
Qxc3  29. e6  Qe5
30. Rf8+  Kg7  31. R8f7+
1-0

[Event "MCR mladeze, Kouty 2018 - H16"]
[Site "Kouty nad Desnou"]
[Date "2018.03.11"]
[Round "2"]
[White "Riha, Vojtech"]
[Black "Zvolensky, David"]
[Result "1/2-1/2"]
[WhiteElo "2097"]
[BlackElo "1928"]
[EventDate "2018.03.10"]

1. e4  e5  2. Nf3  Nc6
3. Nc3  Nf6  4. d4
exd4  5. Nd5  Nb4
6. Nxd4  Nxe4  7. Nf5
c6  8. Nxb4  Bxb4+
9. c3  Qf6  10. cxb4
Qxf5  11. Be3  O-O
12. Bd3  Qe6  13. O-O
d5  14. Re1  Qf6
15. Qc2  Bf5  16. Rad1
Rfe8  17. b5  d4
18. Bc1  Nd6  19. bxc6
Bxd3  20. Qxd3  bxc6
21. b3  c5  22. Ba3
Re5  23. Rc1  Rc8
24. Qa6  h6  25. h3
Qe6  26. Red1  Ne4
27. Qxe6  Rxe6  28. Rxd4
Ra6  29. Rxe4  Rxa3
30. Rc2  a5  31. Rd2
a4  32. Rxa4  Rxa4
33. bxa4  Ra8  34. Rc2
Rxa4  35. Rxc5  Rxa2
36. Rc7  Rb2  1/2-1/2

[Event "MCR mladeze, Kouty 2018 - H16"]
[Site "Kouty nad Desnou"]
[Date "2018.03.11"]
[Round "2"]
[White "Szotkowski, David"]
[Black "Nemec, David"]
[Result "1/2-1/2"]
[WhiteElo "1898"]
[BlackElo "1902"]
[EventDate "2018.03.10"]

1. Nf3  Nf6  2. c4  c6
3. e3  d5  4. Nc3
e6  5. b3  Nbd7
6. Bb2  Bd6  7. d4  O-O
8. Bd3  Re8  9. O-O
e5  10. dxe5  Nxe5
11. Nxe5  Bxe5  12. h3
Bc7  13. Ne2  Qd6
14. Ng3  Ne4  15. Bxe4
Rxe4  16. cxd5  cxd5
17. Rc1  Re8  18. Qd4
f6  19. Rfd1  Be6
20. Ba3  Qd7  21. Ne2
Be5  22. Qd2  Red8
23. Nd4  Bf7  1/2-1/2

[Event "MCR mladeze, Kouty 2018 - H16"]
[Site "Kouty nad Desnou"]
[Date "2018.03.11"]
[Round "2"]
[White "Ludvik, Tomas"]
[Black "Mladek, Richard"]
[Result "1-0"]
[WhiteElo "2115"]
[BlackElo "2134"]
[EventDate "2018.03.10"]

1. d4  Nf6  2. c4  g6
3. Nc3  Bg7  4. Nf3
O-O  5. e4  d6
6. Be2  Na6  7. O-O  e5
8. Be3  Ng4  9. Bg5
Qe8  10. h3  exd4
11. Nxd4  h6  12. Bf4
Ne5  13. Qd2  Kh7
14. Be3  Nc5  15. Ndb5
Na6  16. f4  Nc6
17. f5  Bxc3  18. Nxc3
g5  19. Bxg5  hxg5
20. Qxg5  f6  21. Qh4+
Kg8  22. Rf4  Qe5
23. Qg3+  Kf7  24. Bh5+
Ke7  25. Qg7+  1-0

[Event "MCR mladeze, Kouty 2018 - H16"]
[Site "Kouty nad Desnou"]
[Date "2018.03.11"]
[Round "2"]
[White "Vraj, Ondrej"]
[Black "Nehyba, Martin"]
[Result "1/2-1/2"]
[WhiteElo "1855"]
[BlackElo "2112"]
[EventDate "2018.03.10"]

1. e4  c5  2. Nf3  Nc6
3. d4  cxd4  4. Nxd4
Nf6  5. Nc3  e5
6. Ndb5  d6  7. Bg5  a6
8. Na3  b5  9. Nd5
Be6  10. c3  Be7
11. Bxf6  gxf6  12. Nc2
f5  13. exf5  Bxf5
14. Nce3  Bg6  15. Nxe7
Nxe7  16. Nd5  O-O
17. g3  f5  18. Bg2
e4  19. O-O  Bf7
20. Nxe7+  Qxe7  21. Re1
d5  22. Qd4  Rfc8
23. Bf1  Rab8  24. Rac1
Be6  25. Bh3  Qg7
26. Rcd1  Qxd4  27. Rxd4
a5  28. f3  Kf7
29. fxe4  fxe4  30. Bf1  Kf6
31. Kf2  Ke5  32. Ke3
Rc7  33. Be2  Rf7
34. Red1  Rf6  35. b3
Rf7  36. c4  Rc8
37. Bh5  Rd7  38. Be2
Rf7  39. h3  a4
40. Bh5  Rd7  41. Bg4  axb3
42. Bxe6  Kxe6  1/2-1/2

[Event "MCR mladeze, Kouty 2018 - H16"]
[Site "Kouty nad Desnou"]
[Date "2018.03.11"]
[Round "2"]
[White "Ocko, Dominik"]
[Black "Kopec, Ladislav"]
[Result "1-0"]
[WhiteElo "1979"]
[BlackElo "1780"]
[EventDate "2018.03.10"]

1. Nf3  Nf6  2. e3  e6
3. c4  b6  4. b3
Bb7  5. Be2  Be7
6. Bb2  O-O  7. Qc2
d6  8. Nc3  Nbd7
9. O-O  Ne8  10. Ne1
f5  11. f4  Nef6
12. Bf3  Bxf3  13. Rxf3
g6  14. Nd3  e5
15. Nb4  Qe8  16. Nbd5  Nxd5
17. Nxd5  Bd8  18. d4
e4  19. Rff1  Nf6
20. Nxf6+  Bxf6  21. Rac1
c5  22. dxc5  dxc5
23. Rcd1  Rd8  24. Rxd8
Bxd8  25. Rd1  Be7
26. Rd5  Qc8  27. Qd2
Rd8  28. Qc3  Kf7
29. Qg7+  Ke8  30. Qg8+
Bf8  31. Bg7  Ke7
32. Qxh7  Rxd5  33. Bxf8+
Kxf8  34. Qh8+  1-0

[Event "MCR mladeze, Kouty 2018 - H16"]
[Site "Kouty nad Desnou"]
[Date "2018.03.11"]
[Round "2"]
[White "Demko, Robert"]
[Black "Nagy, Ladislav"]
[Result "1/2-1/2"]
[WhiteElo "1853"]
[BlackElo "1956"]
[EventDate "2018.03.10"]

1. d4  Nf6  2. c4  g6
3. Nc3  Bg7  4. e4
d6  5. Be2  O-O
6. Bg5  Na6  7. Qd2  c5
8. d5  Nc7  9. Nf3
a6  10. a4  e5
11. O-O  Qe8  12. a5  Nd7
13. Na4  f6  14. Bh4
g5  15. Bg3  Qe7
16. b4  Ne8  17. Bd3
Rf7  18. Rae1  Bf8
19. b5  h5  20. h4
Bh6  21. Qc3  Rh7
22. Nb2  Ng7  23. Nd1
Qd8  24. b6  Nf8
25. Ne3  Ng6  26. Nf5
Rh8  27. Nxh6+  Rxh6
28. Qc1  Nf4  29. Bxf4
gxf4  30. Kh1  Rg6
31. Rg1  Qe7  32. g3
fxg3  33. Rxg3  Rxg3
34. fxg3  Kh7  35. Qe3
Bd7  36. Rg1  Rg8
37. Nh2  Qf7  38. g4
hxg4  39. Nxg4  Bxg4
40. Rxg4  Nh5  41. Qf3
Nf4  42. Bf1  1/2-1/2

[Event "MCR mladeze, Kouty 2018 - H16"]
[Site "Kouty nad Desnou"]
[Date "2018.03.11"]
[Round "2"]
[White "Broz, Petr"]
[Black "Smid, Pavel"]
[Result "0-1"]
[WhiteElo "1746"]
[BlackElo "1870"]
[EventDate "2018.03.10"]

1. e4  c5  2. Nf3  e6
3. c4  Nc6  4. Nc3
Nf6  5. Be2  a6
6. O-O  Qc7  7. d4  cxd4
8. Nxd4  Be7  9. Be3
O-O  10. Rc1  Ne5
11. f4  Ng6  12. a3
d6  13. b4  e5
14. Nd5  Nxd5  15. cxd5  Qd8
16. fxe5  dxe5  17. Nf5
Bf6  18. Bc5  Nf4
19. Bf3  Bxf5  20. exf5
Re8  21. Be4  Rc8
22. Qf3  Bg5  23. Be3
Rxc1  24. Rxc1  Nxd5
25. Rd1  Bxe3+  26. Kh1
Bd4  27. Bxd5  b6
28. Qb3  Qf6  29. g4
h5  30. Qf3  hxg4
31. Qxg4  Rc8  32. Qe2
a5  33. Qa6  Qxf5
34. Rf1  Qg4  35. Bxf7+
Kh8  36. Bg6  Rd8
37. Qc4  Qxg6  0-1

[Event "MCR mladeze, Kouty 2018 - H16"]
[Site "Kouty nad Desnou"]
[Date "2018.03.11"]
[Round "2"]
[White "Travnicek, Krystof Mikulas"]
[Black "Khadash, Kamil"]
[Result "1-0"]
[WhiteElo "1859"]
[BlackElo "1685"]
[EventDate "2018.03.10"]

1. c4  c5  2. Nf3  Nc6
3. Nc3  g6  4. g3
Bg7  5. Bg2  d6
6. O-O  e6  7. d3  Nge7
8. Bd2  Nf5  9. a3
h5  10. h4  Ncd4
11. b4  Nxf3+  12. Bxf3
Bd4  13. e3  Be5
14. Bg2  g5  15. e4
Nxg3  16. fxg3  gxh4
17. Qf3  Rh7  18. gxh4
Qxh4  19. Qh3  Qg4
20. Qxg4  hxg4  21. Ne2
Bxa1  22. Rxa1  Bd7
23. bxc5  dxc5  24. e5
O-O-O  25. Bg5  Rg8
26. Be3  b6  27. Ng3
Rgh8  28. a4  Rh2
29. a5  Rxg2+  30. Kxg2
Bc6+  31. Kg1  Rh3
32. Bf4  Kb7  33. axb6
axb6  34. Ra2  Rh8
35. Ne4  Kb8  36. Rh2
Rg8  37. Rh7  Bxe4
38. dxe4  Rd8  39. Rxf7
Rd4  40. Rf6  Rxe4
41. Kg2  Kc7  42. Kg3
Kd7  43. Rf7+  Kc6
44. Re7  Rxc4  45. Rxe6+
Kb7  46. Rh6  b5
47. e6  Re4  48. Rh7+
Kc6  49. Rc7+  Kd5
50. e7  b4  51. Bg5
b3  52. Rc8  b2
53. Rb8  Rb4  54. e8=Q  b1=Q
55. Qd7+  Kc4  56. Qe6+
Kc3  57. Bf6+  Kc2
58. Qf5+ 1-0

[Event "MCR mladeze, Kouty 2018 - H16"]
[Site "Kouty nad Desnou"]
[Date "2018.03.12"]
[Round "3"]
[White "Sprenar, Petr"]
[Black "Svanda, Ondrej"]
[Result "1/2-1/2"]
[WhiteElo "2191"]
[BlackElo "2057"]
[EventDate "2018.03.10"]

1. d4  Nf6  2. Nf3  g6
3. g3  b6  4. Bg2
Bb7  5. O-O  Bg7
6. c4  c5  7. b3
O-O  8. Bb2  cxd4
9. Bxd4  d6  10. Bb2
Nbd7  11. Nc3  Nc5
12. Nd5  Nxd5  13. Bxg7
Ne3  14. fxe3  Kxg7
15. Qd4+  e5  16. Qb2
Qe7  17. Rad1  Rad8
18. Ne1  Bxg2  19. Kxg2
Qg5  20. Qc3  f5
21. Nf3  Qf6  22. Rd5
Ne4  23. Qb2  Qe7
24. Rfd1  Nf6  25. R5d2
Ne4  26. Rd5  Nf6
27. R5d2  Ne4  1/2-1/2

[Event "MCR mladeze, Kouty 2018 - H16"]
[Site "Kouty nad Desnou"]
[Date "2018.03.12"]
[Round "3"]
[White "Vorisek, Jakub"]
[Black "Skalsky, Alexandr"]
[Result "1/2-1/2"]
[WhiteElo "2083"]
[BlackElo "2109"]
[EventDate "2018.03.10"]

1. e4 c5 2. Nf3 Nc6 3. Nc3 g6 4. d4 cxd4 5. Nxd4 Bg7 6. Nb3 d6 7. Be2 Nf6 8. O-O
O-O 9. Bg5 Be6 10. Kh1 a6 11. f4 Rc8 12. Bf3 Nd7 13. Re1 Re8 14. Qd2 Nb6 15. Be2
Bc4 16. Bg4 Be6 17. Be2 Bc4 18. Bg4 Be6 1/2-1/2

[Event "MCR mladeze, Kouty 2018 - H16"]
[Site "Kouty nad Desnou"]
[Date "2018.03.12"]
[Round "3"]
[White "Zvolensky, David"]
[Black "Ludvik, Tomas"]
[Result "1/2-1/2"]
[WhiteElo "1928"]
[BlackElo "2115"]
[EventDate "2018.03.10"]

1. e4  e6  2. d4  d5
3. Nd2  c5  4. exd5
Qxd5  5. Ngf3  cxd4
6. Bc4  Qd6  7. O-O
Nf6  8. Nb3  Nc6
9. Nbxd4  Nxd4  10. Nxd4
Bd7  11. c3  Qc7
12. Qe2  O-O-O  13. a4
a6  14. Rd1  Kb8
15. b4  Rc8  16. Bd3
Nd5  17. Bb2  Bd6
18. g3  h5  19. b5
h4  20. Qf3  hxg3
21. hxg3  a5  22. Bf1
Nf6  23. Nb3  Rcd8
24. c4  e5  25. c5
Bxc5  26. Nxc5  Qxc5
27. Rac1  Qe7  28. Qc3
Bg4  29. Rxd8+  Qxd8
30. Qxe5+  Ka8  31. Bg2
Re8  32. Qf4  Be6
33. Bxf6  gxf6  34. Qc7
Bc8  35. b6  Qxc7
36. Rxc7  Kb8  37. Rxf7
Re6  38. Rf8 Rxb6 1/2-1/2

[Event "MCR mladeze, Kouty 2018 - H16"]
[Site "Kouty nad Desnou"]
[Date "2018.03.12"]
[Round "3"]
[White "Szotkowski, David"]
[Black "Riha, Vojtech"]
[Result "0-1"]
[WhiteElo "1898"]
[BlackElo "2097"]
[EventDate "2018.03.10"]

1. Nf3  Nf6  2. c4  d6
3. g3  g6  4. Bg2
Bg7  5. O-O  O-O
6. d4  c6  7. Nc3
Qa5  8. Qd2  Qh5
9. Qg5  Qxg5  10. Bxg5
h6  11. Bd2  Be6
12. b3  Na6  13. Rac1
Rad8  14. e4  d5
15. exd5  cxd5  16. Nb5
Ne4  17. Be3  Nb4
18. a3  Nd3  19. Rc2
dxc4  20. bxc4  Rc8
21. Rd1  Rxc4  22. Rxc4
Bxc4  23. Bf1  Bxb5
24. Bxd3  Nc3  25. Rc1
Bxd3  26. Rxc3  Be4
27. Ne5  Rd8  28. f3
Bxe5  29. dxe5  Bxf3
30. Bxh6  Rd1+  31. Kf2
Bc6  32. Be3  a5
33. Bg5  Kf8  34. Rc5
a4  35. Ra5  Ke8
36. Rc5  Rh1  37. h4
Kd7  38. Rc4  Ke6
39. g4  f6  40. exf6
exf6  41. Bf4  Rxh4
42. Bg3  Rh1  43. Rd4
g5  44. Rd6+  Kf7
45. Rd8  Rc1  46. Rd3
Rc4  0-1

[Event "MCR mladeze, Kouty 2018 - H16"]
[Site "Kouty nad Desnou"]
[Date "2018.03.12"]
[Round "3"]
[White "Nemec, David"]
[Black "Stinka, Jakub"]
[Result "0-1"]
[WhiteElo "1902"]
[BlackElo "2137"]
[EventDate "2018.03.10"]

1. e4  c5  2. c3  Nf6
3. e5  Nd5  4. d4
cxd4  5. Nf3  e6
6. cxd4  b6  7. Nc3
Nxc3  8. bxc3  Qc7
9. Bb2  Be7  10. Bd3
Ba6  11. O-O  Bxd3
12. Qxd3  d5  13. Nd2
Nc6  14. f4  g6
15. Rac1  h5  16. c4  Qd7
17. a3  O-O  18. Qf3
dxc4  19. Rxc4  Rac8
20. f5  exf5  21. e6
fxe6  0-1